| 000 | 00700nam a2200205 a 4500 | ||
|---|---|---|---|
| 001 | 000045255 | ||
| 005 | 20201002050017.0 | ||
| 008 | 150218s1977 sp a 000 0 spa d | ||
| 020 | _a8471561751 | ||
| 040 |
_aDO-SdBNP _bspa _cBNPHU |
||
| 082 |
_axxxx _bxxxx |
||
| 245 | 0 | 0 |
_aEnciclopedia juvenil / _c[traductores del alemán Julio Alvarez, et.. al. ; acoplada... por el grupo de redacción de Editorial Mediterráneo]. |
| 260 |
_aMadrid : _bMediterráneo, _c1977. |
||
| 300 |
_av. : _bil. ; _c19 cm. |
||
| 490 | 1 |
_aBolsillo edime _v95 |
|
| 505 | 0 |
_gv.5 _tFreud-Incienso -- |
|
| 500 | _aPrecede al tít.: edime-dtv. | ||
| 700 | 1 |
_aAlvarez, Julio, _etr. _973283 |
|
| 830 | 0 |
_aBolsillo edime ; _n95 _973284 |
|
| 999 |
_c44744 _d44744 |
||